Description and development of the means of a model experiment for load balancing in distributed computing systems; IOP Conference Series: Materials Science and Engineering; Vol. 135 : Issues of Physics and Technology in Science, Industry and Medicine

Detaylı Bibliyografya
Parent link:IOP Conference Series: Materials Science and Engineering
Vol. 135 : Issues of Physics and Technology in Science, Industry and Medicine.— 2016.— [012030, 6 p.]
Kurumsal yazarlar: Национальный исследовательский Томский политехнический университет (ТПУ) Физико-технический институт (ФТИ) Кафедра высшей математики и математической физики (ВММФ), Национальный исследовательский Томский политехнический университет (ТПУ) Институт кибернетики (ИК) Кафедра информатики и проектирования систем (ИПС)
Diğer Yazarlar: Nagiyev A. E., Sherstneva A. I. Anna Igorevna, Botygin I. A. Igor Aleksandrovich, Galanova N. Y.
Özet:Title screen
The results of the statistical model experiments research of various load balancing algorithms in distributed computing systems are presented. Software tools were developed. These tools, which allow to create a virtual infrastructure of distributed computing system in accordance with the intended objective of the research focused on multi-agent and multithreaded data processing were developed. A diagram of the control processing of requests from the terminal devices, providing an effective dynamic horizontal scaling of computing power at peak loads, is proposed.
Dil:İngilizce
Baskı/Yayın Bilgisi: 2016
Konular:
Online Erişim:http://dx.doi.org/10.1088/1757-899X/135/1/012030
http://earchive.tpu.ru/handle/11683/34820
Materyal Türü: Elektronik Kitap Bölümü
KOHA link:https://koha.lib.tpu.ru/cgi-bin/koha/opac-detail.pl?biblionumber=650309

MARC

LEADER 00000nla2a2200000 4500
001 650309
005 20240123160449.0
035 |a (RuTPU)RU\TPU\network\15521 
035 |a RU\TPU\network\15520 
090 |a 650309 
100 |a 20160930a2016 k y0engy50 ba 
101 0 |a eng 
102 |a GB 
105 |a y z 100zy 
135 |a drcn ---uucaa 
181 0 |a i  
182 0 |a b 
200 1 |a Description and development of the means of a model experiment for load balancing in distributed computing systems  |f A. E. Nagiyev [et al.] 
203 |a Text  |c electronic 
300 |a Title screen 
320 |a [References: 6 tit.] 
330 |a The results of the statistical model experiments research of various load balancing algorithms in distributed computing systems are presented. Software tools were developed. These tools, which allow to create a virtual infrastructure of distributed computing system in accordance with the intended objective of the research focused on multi-agent and multithreaded data processing were developed. A diagram of the control processing of requests from the terminal devices, providing an effective dynamic horizontal scaling of computing power at peak loads, is proposed. 
461 0 |0 (RuTPU)RU\TPU\network\2008  |t IOP Conference Series: Materials Science and Engineering 
463 0 |0 (RuTPU)RU\TPU\network\15011  |t Vol. 135 : Issues of Physics and Technology in Science, Industry and Medicine  |o VIII International Scientific Conference, 1–3 June 2016, Tomsk, Russia  |o [proceedings]  |v [012030, 6 p.]  |d 2016 
610 1 |a электронный ресурс 
610 1 |a труды учёных ТПУ 
610 1 |a модельные эксперименты 
610 1 |a балансировка 
610 1 |a нагрузки 
610 1 |a вычислительные системы 
610 1 |a распределенные системы 
701 1 |a Nagiyev  |b A. E. 
701 1 |a Sherstneva  |b A. I.  |c mathematician  |c associate Professor of Tomsk Polytechnic University, candidate of physico-mathematical Sciences  |f 1974-  |g Anna Igorevna  |3 (RuTPU)RU\TPU\pers\35539  |9 18721 
701 1 |a Botygin  |b I. A.  |c specialist in the field of Informatics and computer engineering  |c Associate Professor of Tomsk Polytechnic University, candidate of technical sciences  |f 1947-  |g Igor Aleksandrovich  |3 (RuTPU)RU\TPU\pers\33725  |9 17356 
701 1 |a Galanova  |b N. Y. 
712 0 2 |a Национальный исследовательский Томский политехнический университет (ТПУ)  |b Физико-технический институт (ФТИ)  |b Кафедра высшей математики и математической физики (ВММФ)  |3 (RuTPU)RU\TPU\col\18727 
712 0 2 |a Национальный исследовательский Томский политехнический университет (ТПУ)  |b Институт кибернетики (ИК)  |b Кафедра информатики и проектирования систем (ИПС)  |3 (RuTPU)RU\TPU\col\18697 
801 2 |a RU  |b 63413507  |c 20170120  |g RCR 
856 4 |u http://dx.doi.org/10.1088/1757-899X/135/1/012030 
856 4 |u http://earchive.tpu.ru/handle/11683/34820 
942 |c CF